000 00793nam a22002297a 4500
008 130821s2001 sp gr spa
020 _a8447016978
040 _aCo-BoUCM
_bspa
041 0 0 _aspa
100 1 _aFernandez De Bujan, Antonio.
_9171711
245 1 3 _aLa jurisdicción voluntaria
_cAntonio Fernández de Buján.
260 _aMadrid (España)
_bCivitas
_c2001
300 _a224 páginas
490 _aMonografías Civitas.
504 _aIncluye bibliografía e índice.
650 0 4 _aDerecho comparado
_zEspaña
_912722
650 0 4 _aDerecho
_xHistoria
_zEspaña
_941229
650 0 4 _aJurisdicción no contenciosa
_zEspaña
_918171
650 0 4 _aJurisdicción voluntaria
_zEspaña
_918174
942 _cLIBRO
_a8
_e1
_mF363j
_2DEWEY
_h348.46
999 _c91673
_d91673